000 00418nam a2200157 i 4500
001 87372
003 ES-MaACL
005 20230906175646.0
007 t|
008 041221s1972 sp ||||1| spa d
100 1 _aKohler, Mariane.
_968482
245 1 0 _aTécnicas de la serenidad /
_cMariane Kohler.
260 _aBilbao :
_bMensajero,
_c[1972]
300 _a199 p. ;
_c18 cm.
852 _aES-MaACL
_jC-52207
_bR.83991
999 _c87372
_d87372